Data collection analysis and interpretation in sicial research / (Record no. 5780)

MARC details
000 -LEADER
fixed length control field 01006nam a22002777a 4500
001 - CONTROL NUMBER
control field BD-DhSAU 5780
003 - CONTROL NUMBER IDENTIFIER
control field BD-DhSAU
005 - DATE AND TIME OF LATEST TRANSACTION
control field 20150423120154.0
008 - FIXED-LENGTH DATA ELEMENTS--GENERAL INFORMATION
fixed length control field 150423b1998 ii ||||| |||| 000 0 eng d
020 ## - INTERNATIONAL STANDARD BOOK NUMBER
International Standard Book Number 817488730X
040 ## - CATALOGING SOURCE
Original cataloging agency BD-DhSAU
082 ## - DEWEY DECIMAL CLASSIFICATION NUMBER
Edition number 22
Classification number 304.072
Item number DAT
245 ## - TITLE STATEMENT
Title Data collection analysis and interpretation in sicial research /
Statement of responsibility, etc. Devi, Laxmi . . . [et al]
260 ## - PUBLICATION, DISTRIBUTION, ETC. (IMPRINT)
Place of publication, distribution, etc. New Delhi :
Name of publisher, distributor, etc. Anmol Publications ,
Date of publication, distribution, etc. 1998
300 ## - PHYSICAL DESCRIPTION
Extent viii, 314 p.,
Other physical details Table ,
Dimensions 25 cm.
440 ## - SERIES STATEMENT/ADDED ENTRY--TITLE
Title Encyclopaedia of social research series.
500 ## - GENERAL NOTE
General note Helps students and researchers to understand the ideas and methods behind the successful collection of qualitative, quantitative and mixed data sets in transparent, scientific ways.
504 ## - BIBLIOGRAPHY, ETC. NOTE
Bibliography, etc Includes references .
590 ## - Name of Cataloguer
Name of Cataloger Shahriar
650 ## - SUBJECT ADDED ENTRY--TOPICAL TERM
Topical term or geographic name as entry element Social sciences -- Research -- Methodology.
650 ## - SUBJECT ADDED ENTRY--TOPICAL TERM
Topical term or geographic name as entry element Sociology
700 ## - ADDED ENTRY--PERSONAL NAME
Personal name Mittal, Mukta.
700 ## - ADDED ENTRY--PERSONAL NAME
Personal name Yadav, Bidhuti.
700 ## - ADDED ENTRY--PERSONAL NAME
Personal name Kumar, Ajay.
700 ## - ADDED ENTRY--PERSONAL NAME
Personal name Yadav, Kashi.
942 ## - ADDED ENTRY ELEMENTS (KOHA)
Source of classification or shelving scheme Dewey Decimal Classification
Koha item type Book
Holdings
Withdrawn status Lost status Source of classification or shelving scheme Damaged status Not for loan Collection code Home library Branch Name Shelving location Date acquired Total Checkouts Full call number Barcode Date last seen Price effective from Koha item type
    Dewey Decimal Classification   Not For Loan Reference SAU Library SAU Library Reference 28/06/2001   304.072 DAT 29378 23/04/2015 23/04/2015 Book